Statistics for NFL Players by Face

Click here to take the quiz!

General Stats

  • This quiz has been taken 1,870 times
  • The average score is 9 of 11

Answer Stats

Answer% Correct
Russell Wilson
99%
Patrick Mahomes
95%
Tom Brady
94%
JJ Watt
89%
Joe Flacco
88%
Ray Lewis
88%
Julio Jones
87%
Marshawn Lynch
86%
Kareem Hunt
63%
Ray Rice
57%
Bruce Irvin
35%

Score Distribution

Percentile by Number Answered

Percent of People with Each Score

Your Score History

You have not taken this quiz